| 000 | 00830nam a2200265Ia 4500 | ||
|---|---|---|---|
| 001 | 11350 | ||
| 003 | GE_BSU | ||
| 008 | 181216s||||||||xx |||||||||||||| ||und|| | ||
| 020 | _a9785911343040 | ||
| 040 | _cGE_BSU | ||
| 080 | _a54(075.32):665 | ||
| 100 | _aВержичинская С.В; Н.Г.Дигуров; С.А.Синицин. | ||
| 245 | _aХимия и технология нефти и газа. | ||
| 245 | _bучебное пособие. | ||
| 245 | _cРед:Г.С.Шуршиков. | ||
| 250 | _a2-е изд; перераб и доп. | ||
| 260 | _aМосква. | ||
| 260 | _bФорум. | ||
| 260 | _c2012. | ||
| 300 | _a400стр;илл;21см. | ||
| 300 | _eБиблиогр стр:392-393 | ||
| 541 | _h55л. | ||
| 653 | _aХимия и технология нефти и газа. | ||
| 942 | _cBK | ||
| 999 |
_c44547 _d44547 |
||